Villes en Top14 depuis 2005 - Statistiques

Statistiques générales
  • Ce quiz a été pris 99 fois
  • Le résultat moyen est 18 sur 26
Statistiques - réponses
Rose des vents Villes % Correct
Sud Ouest Toulouse
99%
Nord Paris
98%
Est Lyon
97%
Ouest Bordeaux (Bègles)
94%
Sud Perpignan
92%
Centre Clermont
90%
Sud Est Toulon
88%
Sud Montpellier
87%
Sud Ouest Biarritz
85%
Sud Ouest Bayonne
84%
Sud Ouest Pau
83%
Nord Ouest Vannes
83%
Est Grenoble
79%
Ouest La Rochelle
77%
Sud Ouest Montauban
73%
Sud Ouest Castres
70%
Sud Ouest Brive
59%
Est Oyonnax
58%
Sud Ouest Agen
57%
Sud Narbonne
50%
Sud Ouest Dax
49%
Ouest Mont de Marsan
47%
Sud Ouest Albi
42%
Est Bourgoin Jallieu
34%
Sud Ouest Auch
33%
Nord Colombes
20%
Aucun quiz correspondant
Distribution des résultats
% des personnes avec chaque résultat
Percentile par nombre de réponses
Votre historique - résultats
Vous n’avez pas pris ce quiz